Oeuvres de J.B. Rousseau. (Record no. 164020)

MARC details
000 -LEADER
campo de control de longitud fija 00691nam a22001695i 4500
001 - NÚMERO DE CONTROL
campo de control 164020
003 - IDENTIFICADOR DE NÚMERO DE CONTROL
campo de control ES-MaACL
005 - FECHA Y HORA DE LA ÚLTIMA TRANSACCIÓN
campo de control 20230906212846.0
008 - DATOS DE LONGITUD FIJA--INFORMACIÓN GENERAL
campo de control de longitud fija 050817s1818 fr | |||||||| ||fre d
040 ## - FUENTE DE CATALOGACIÓN
Centro catalogador/agencia de origen CAM
Lengua de catalogación spa
Centro/agencia transcriptor CAM
100 1# - ENTRADA PRINCIPAL--NOMBRE DE PERSONA
Nombre de persona Rousseau, Jean Baptiste.
9 (RLIN) 132108
245 10 - MENCIÓN DEL TÍTULO
Título Oeuvres de J.B. Rousseau.
250 ## - MENCION DE EDICION
Mención de edición Nouv. éd.
Resto de la mención de edición 7 rev., corr. et augm. sur les manuscrits de l'auteur et conforme à l'édition in 4º donnée par M. Seguy.
260 ## - PUBLICACIÓN, DISTRIBUCIÓN, ETC.
Lugar de publicación, distribución, etc. A Paris :
Nombre del editor, distribuidor, etc. chez Ladrange,
Fecha de publicación, distribución, etc. 1818.
300 ## - DESCRIPCIÓN FÍSICA
Extensión 4 v. (XXX, 300 p., [1] h. de lám.; 398; 414 p., [1] h. de lám.; 350 p., [1] h. de lám.) ;
Dimensiones 21 cm.
852 ## - LOCALIZACIÓN
Ubicación ES-MaACL
Número de control de estantería G-9800-03
Nota libre -- Enc. pasta española con hierros dorados
Holdings
Estatus retirado Estado de pérdida Estado de daño No para préstamo Colección Biblioteca de origen Biblioteca actual Ubicación en estantería Fecha de adquisición Total de préstamos Signatura topográfica completa Código de barras Visto por última vez Precio de reemplazo Tipo de ítem Koha
        Libros del s. XIX Biblioteca del Ateneo de Madrid Biblioteca del Ateneo de Madrid Sala Pecera Planta 3 17/01/2008   G-9800-03 1171903 23/02/2023 23/02/2023 Libro impreso antiguo